X2 Prem Big 4 and Barca or Real or Inter Quiz Stats

 Plays Quiz not verified by Sporcle

Challenge
Share
Tweet
Embed
Score 0/9 Timer 07:00
0 Plays Today
% Correct
Michael Owen
72.7%
Nicholas Anelka
63.6%
Juan Sebastian Veron
40.9%
Paul Ince
38.4%
Emmanuel Petit
35.9%
Mark Hughes
32.2%
Lassana Diarra
30.9%
Mikael Silvestre
25.4%
Boudewijn Zenden
22.3%

You're not logged in!

Compare scores with friends on all Sporcle quizzes.
Join for Free
OR
Log In

You Might Also Like...

Show Comments

Extras

Top Quizzes Today


Score Distribution

Your Account Isn't Verified!

In order to create a playlist on Sporcle, you need to verify the email address you used during registration. Go to your Sporcle Settings to finish the process.

Report this User

Report this user for behavior that violates our Community Guidelines.

Details: